| 000 | 00873nam0a22002531 4500 | ||
|---|---|---|---|
| 001 | rc\2896316 | ||
| 005 | 20250529215817.0 | ||
| 035 | _a(NLR Aleph) 007048137 | ||
| 090 |
_a6163725 _c6163725 |
||
| 100 | _a20110727d1931 |||y0rusy50 ca | ||
| 101 | 0 | _arus | |
| 102 | _aRU | ||
| 105 | _aa z ||||| | ||
| 200 | 1 |
_aХодьба _aБег _fСоставили П.В. Ратов и худ. М.С. Ягужинский |
|
| 210 |
_a[Москва] _cБ. и. _d[1931] _eМосква _gтип. "Искра революции" |
||
| 215 |
_a1 л., слож. в [32] с. _cил. _d13х9 см |
||
| 300 | _aНа послед. с.: Легкая атлетика | ||
| 700 | 1 |
_aРатов _bП.В. _gПавел Васильевич |
|
| 701 | 1 |
_aЯгужинский _bМ.С. |
|
| 801 | 0 |
_aRU _bNLR _gpsbo |
|
| 801 | 1 |
_aRU _bELAR _2rusmarc |
|
| 852 |
_aNLR _j31-8/8018 |
||
| 942 | _cBOOK | ||
| 980 | _aNB | ||